000
00159nam a2200061Ia 4500
999
_c
10457
_d
10457
003
OSt
005
20230408141054.0
008
170523s9999 xx 000 0 und d
040
_c
IIMT UNIVERSITY
100
_a
KOONTZ- HARDD
245
0
_a
ESSENTIALS MANAGEMENT
260
_a
NEW DELHI
_b
TMH
_c
2011
300
_a
464
942
_2
ddc
_c
02